[Event "IV Festival Costa Viola B"]
[Site "Sant'Eufemia d'Aspromonte ITA"]
[Date "2011.01.03"]
[Round "2"]
[White "Palermiti, Francesco"]
[Black "Scalise, Sandro"]
[Result "0-1"]
[WhiteElo "1531"]
[BlackElo "1737"]
[PlyCount "98"]
[EventDate "2011.01.02"]

1. d4 f5 2. Nf3 Nf6 3. Nbd2 g6 4. e3 d6 5. b3 Bg7 6. Bb2 O-O 7. Bc4+ d5 8. Bd3
Nbd7 9. O-O Ne4 10. c4 e6 11. cxd5 exd5 12. Rc1 c6 13. Ne5 Qe7 14. f4 Nxe5 15.
dxe5 Be6 16. Nxe4 dxe4 17. Bc4 Rfd8 18. Bxe6+ Qxe6 19. Qe2 Rd3 20. Kh1 Rad8 21.
Rfd1 Qd5 22. Rxd3 exd3 23. Qd2 b6 24. Ba3 Bf8 25. Bb2 a5 26. Bc3 Ba3 27. Rd1
Kf7 28. e6+ Qxe6 29. Be5 Bb4 30. Qc1 Bc5 31. Qc3 Bb4 32. Qc1 Qd5 33. Qc4 Qxc4
34. bxc4 b5 35. cxb5 cxb5 36. Kg1 Ke6 37. Kf2 d2 38. Ke2 Kd5 39. Bd4 Kc4 40. a3
Bc3 41. Bxc3 Kxc3 42. h3 b4 43. axb4 axb4 44. g4 b3 45. gxf5 gxf5 46. e4 Kc2
47. e5 Rd4 48. Ke3 Re4+ 49. Kf3 Kxd1 0-1

[Event "IV Festival Costa Viola B"]
[Site "Sant'Eufemia d'Aspromonte ITA"]
[Date "2011.01.03"]
[Round "2"]
[White "Mercuri, Delia"]
[Black "Pallonetto, Cristofaro"]
[Result "0-1"]
[WhiteElo "1571"]
[BlackElo "1506"]
[PlyCount "96"]
[EventDate "2011.01.02"]

1. e4 e5 2. Nf3 Nc6 3. Bb5 d6 4. O-O Bd7 5. c3 Nf6 6. Qc2 a6 7. Be2 Be7 8. a3
O-O 9. Bc4 Qc8 10. Re1 Na5 11. Ba2 b5 12. d4 c6 13. Bg5 Qd8 14. Nbd2 Ne8 15.
Be3 Nc7 16. dxe5 dxe5 17. Rad1 c5 18. Nxe5 Be6 19. Bb1 Bf6 20. Ndf3 Qc8 21. Qe2
c4 22. Bb6 Nb7 23. Nc6 Bg4 24. Qe3 Qe6 25. Nb4 Bxf3 26. Qxf3 Qxb6 27. e5 Be7
28. Qe4 g6 29. Kh1 Nc5 30. Qf3 N7e6 31. Nd5 Qa7 32. Qh3 Rad8 33. Nf6+ Bxf6 34.
exf6 Rxd1 35. Rxd1 Nd3 36. Bxd3 cxd3 37. Qh4 Rd8 38. f4 Qc5 39. Qg3 Qf5 40. Qf3
Qxf6 41. g3 Qf5 42. h4 h5 43. Qf2 Nc5 44. Kg2 Ne4 45. Qb6 Qd5 46. Kh2 Nc5 47.
Qf6 Rd6 48. Qe7 Re6 0-1

[Event "IV Festival Costa Viola B"]
[Site "Sant'Eufemia d'Aspromonte ITA"]
[Date "2011.01.03"]
[Round "2"]
[White "Vazzana, Antonio"]
[Black "Vacchiano, Salvatore"]
[Result "1-0"]
[WhiteElo "1497"]
[BlackElo "1566"]
[PlyCount "57"]
[EventDate "2011.01.02"]

1. c4 Nf6 2. d4 e5 3. dxe5 Ng4 4. Bf4 Nc6 5. Nf3 Qe7 6. e3 Ngxe5 7. Be2 Nxc4 8.
Qc2 Qb4+ 9. Nbd2 Qxb2 10. Qe4+ N6e5 11. Rb1 Qc3 12. Nxe5 Nxe5 13. Bxe5 Qc6 14.
Qxc6 dxc6 15. O-O Bd6 16. Bxg7 Rg8 17. Bf6 Bh3 18. Bf3 Rg6 19. Ne4 Bf5 20. Bh4
Bxe4 21. Bxe4 Rg4 22. Rxb7 Rxe4 23. Bg3 Bxg3 24. hxg3 Kd7 25. Rd1+ Kc8 26. Rb3
Rc4 27. Rbd3 Rb4 28. Rd7 Rab8 29. Rxf7 1-0

[Event "IV Festival Costa Viola B"]
[Site "Sant'Eufemia d'Aspromonte ITA"]
[Date "2011.01.03"]
[Round "2"]
[White "Fiorentino, Vincenzo"]
[Black "Attina', Rodolfo"]
[Result "1-0"]
[WhiteElo "1563"]
[BlackElo "1386"]
[PlyCount "101"]
[EventDate "2011.01.02"]

1. d4 Nf6 2. c4 g6 3. Nf3 Bg7 4. Nc3 b6 5. e4 d6 6. Bd3 O-O 7. h3 Bb7 8. Be3 c5
9. d5 a6 10. Qc2 Nfd7 11. O-O Ne5 12. Nxe5 Bxe5 13. f4 Bg7 14. f5 Nd7 15. fxg6
fxg6 16. Rxf8+ Qxf8 17. Rf1 Bf6 18. g4 Qg7 19. Kh1 Rf8 20. Qd2 Bxc3 21. Rxf8+
Qxf8 22. bxc3 Ne5 23. Be2 Nf3 24. Qd1 Ne5 25. Qf1 Qg7 26. Qf4 Bc8 27. Qh6 Qf7
28. a4 a5 29. Qf4 Bd7 30. Qxf7+ Kxf7 31. Bd1 Nxc4 32. Bc1 Ne5 33. Bc2 e6 34.
Kh2 exd5 35. exd5 c4 36. Kg3 b5 37. axb5 Bxb5 38. Ba3 Ke7 39. Kf4 Bd7 40. Kg5
Nf3+ 41. Kh6 Ng1 42. Kxh7 Nxh3 43. Bd1 Nf2 44. Be2 Nxg4 45. Bxc4 Ne5 46. Bb3
Bf5 47. Kh6 Bd3 48. Bc1 Nc4 49. Kg7 Ne5 50. Ba4 Bc4 51. Bg5# 1-0

[Event "IV Festival Costa Viola B"]
[Site "Sant'Eufemia d'Aspromonte ITA"]
[Date "2011.01.03"]
[Round "2"]
[White "Fariselli, Umberto"]
[Black "Quattrone, Andrea"]
[Result "0-1"]
[WhiteElo "1410"]
[BlackElo "1557"]
[PlyCount "74"]
[EventDate "2011.01.02"]

1. e4 e5 2. Bc4 Nf6 3. d3 d5 4. Bb3 dxe4 5. dxe4 Qxd1+ 6. Kxd1 Nxe4 7. Be3 Nc6
8. Na3 Bd6 9. Nf3 O-O 10. Bd5 Nf6 11. Bxc6 bxc6 12. Nc4 Re8 13. b3 Nd5 14. Bd2
Bd7 15. Re1 f6 16. Kc1 Nb6 17. Ne3 Nd5 18. Nc4 Bb4 19. Bxb4 Nxb4 20. Kb2 a5 21.
a4 Be6 22. Nfd2 Red8 23. Re2 Bf5 24. Ne3 Bg6 25. Rc1 Nd5 26. g3 Bh5 27. g4 Nf4
28. Ree1 Rxd2 29. gxh5 Rad8 30. Kb1 Rxf2 31. Nc4 Ne2 32. Red1 Nc3+ 33. Kb2 Rxd1
34. Rxd1 Nxd1+ 35. Kb1 e4 36. Nxa5 e3 37. Nc4 e2 0-1

[Event "IV Festival Costa Viola B"]
[Site "Sant'Eufemia d'Aspromonte ITA"]
[Date "2011.01.03"]
[Round "2"]
[White "Daniac, Federico"]
[Black "Laurendi, Angela"]
[Result "1-0"]
[WhiteElo "1551"]
[BlackElo "1344"]
[PlyCount "33"]
[EventDate "2011.01.02"]

1. e4 e5 2. Nf3 Nc6 3. Bb5 Nge7 4. O-O d6 5. Nc3 a6 6. Ba4 b5 7. Bb3 Bg4 8. Nd5
Ng6 9. Ne3 Qd7 10. Bd5 Nge7 11. d3 Nxd5 12. Nxd5 Qe6 13. Nxc7+ Ke7 14. Nxe6
Kxe6 15. Ng5+ Kd7 16. Qxg4+ Kd8 17. Nxf7+ 1-0

[Event "IV Festival Costa Viola B"]
[Site "Sant'Eufemia d'Aspromonte ITA"]
[Date "2011.01.03"]
[Round "3"]
[White "Della Rocca, Giorgio"]
[Black "Bruno, Elio"]
[Result "1-0"]
[WhiteElo "1881"]
[BlackElo "1671"]
[PlyCount "81"]
[EventDate "2011.01.02"]

1. e4 c5 2. Nc3 d6 3. f4 Nf6 4. Bb5+ Nfd7 5. Nf3 a6 6. Bc4 Nb6 7. Be2 e6 8. O-O
Be7 9. d4 cxd4 10. Nxd4 O-O 11. f5 e5 12. Nf3 Qc7 13. Be3 N8d7 14. g4 Rd8 15.
Kh1 Nc5 16. Rg1 Bd7 17. g5 Bc6 18. f6 Bf8 19. Nd5 Nxd5 20. exd5 Bd7 21. fxg7
Bxg7 22. Qf1 Bf5 23. Nh4 Be4+ 24. Bf3 Bxf3+ 25. Qxf3 e4 26. Qh5 Nd7 27. Nf5 Ne5
28. Rg3 Qxc2 29. Rh3 h6 30. Nxg7 Qxb2 31. Rg1 Nf3 32. Rxf3 exf3 33. gxh6 Kh8
34. Nf5 Rg8 35. Bd4+ Qxd4 36. Nxd4 f2 37. Rf1 Rg6 38. Rxf2 Rag8 39. Ne2 Kh7 40.
Rxf7+ Kh8 41. h7 1-0

[Event "IV Festival Costa Viola B"]
[Site "Sant'Eufemia d'Aspromonte ITA"]
[Date "2011.01.03"]
[Round "3"]
[White "Serratore, Vincenzo"]
[Black "Carlomagno, Vincenzo"]
[Result "1/2-1/2"]
[WhiteElo "1874"]
[BlackElo "1870"]
[PlyCount "164"]
[EventDate "2011.01.02"]

1. d4 Nf6 2. Nf3 e6 3. e3 b6 4. Bd3 Bb7 5. Nbd2 c5 6. c3 Nc6 7. Qe2 Be7 8. O-O
O-O 9. Ne4 Nxe4 10. Bxe4 d5 11. Bc2 Bf6 12. Rd1 Qc7 13. g3 Rac8 14. Kg2 Rfe8
15. Kg1 g6 16. Ba4 Red8 17. Bd2 Na5 18. Bb5 Bc6 19. Ba6 Bb7 20. Bd3 Nc6 21.
Rac1 Qd6 22. a3 e5 23. dxe5 Nxe5 24. Nxe5 Qxe5 25. Ba6 Bxa6 26. Qxa6 Rc7 27.
Qf1 Rcd7 28. Re1 Qe4 29. Rb1 Qc2 30. Re2 Qb3 31. Qe1 b5 32. Kg2 a5 33. f3 b4
34. axb4 axb4 35. cxb4 c4 36. Bc3 d4 37. exd4 Bxd4 38. Re8+ Kg7 39. Rxd8 Qc2+
40. Qd2 Qxd2+ 41. Bxd2 Rxd8 42. Rd1 Re8 43. Bh6+ Kxh6 44. Rxd4 Re2+ 45. Kh3
Rxb2 46. Rxc4 Kg7 47. g4 Rb3 48. Kg3 g5 49. Rc5 Rxb4 50. Rxg5+ Kf6 51. Rf5+ Kg6
52. h4 Rc4 53. h5+ Kg7 54. Re5 h6 55. Re4 Rc3 56. Kf4 Kf6 57. Rd4 Rc6 58. Ke4
Ke6 59. Kf4 Kf6 60. Kg3 Rb6 61. Rd5 Rb4 62. Rf5+ Kg7 63. f4 Rb3+ 64. Kh4 Rf3
65. g5 hxg5+ 66. Rxg5+ Kh6 67. Kg4 Ra3 68. Rg8 Ra5 69. Rg5 Ra3 70. Rf5 Kg7 71.
h6+ Kxh6 72. Rxf7 Kg6 73. Rb7 Ra6 74. Rb5 Kf6 75. Rh5 Ra1 76. Rh6+ Kg7 77. Re6
Kf7 78. Kf5 Ra5+ 79. Re5 Ra6 80. Kg5 Rg6+ 81. Kh5 Ra6 82. Rg5 Ra1 1/2-1/2

[Event "IV Festival Costa Viola B"]
[Site "Sant'Eufemia d'Aspromonte ITA"]
[Date "2011.01.03"]
[Round "3"]
[White "Furnari, Francesco"]
[Black "Violi, Vincenzo"]
[Result "0-1"]
[WhiteElo "1856"]
[BlackElo "1798"]
[PlyCount "78"]
[EventDate "2011.01.02"]

1. e4 c5 2. Nf3 d6 3. d4 cxd4 4. Nxd4 Nf6 5. Nc3 a6 6. Bc4 e6 7. Bb3 Nbd7 8.
O-O Nc5 9. Qf3 b5 10. e5 Bb7 11. Qg3 dxe5 12. Nf3 Bd6 13. Rd1 Qe7 14. Be3 Nxb3
15. axb3 O-O 16. Bb6 Ne8 17. Be3 e4 18. Rxd6 Qxd6 19. Bf4 Qe7 20. Ng5 f6 21.
Nh3 e5 22. Be3 f5 23. Bg5 Nf6 24. Bxf6 Qxf6 25. Re1 Qe6 26. f4 Rae8 27. fxe5
Qxe5 28. Nf4 Rd8 29. Qe3 Qf6 30. g3 g5 31. Nh5 Qd4 32. Qxd4 Rxd4 33. Re2 Kf7
34. h3 Kg6 35. g4 f4 36. Kf1 Re8 37. Ke1 e3 38. Nd1 Bf3 39. Rh2 Rxd1# 0-1

[Event "IV Festival Costa Viola B"]
[Site "Sant'Eufemia d'Aspromonte ITA"]
[Date "2011.01.03"]
[Round "3"]
[White "Mileo, Miguelito"]
[Black "Tricomi, Massimo"]
[Result "0-1"]
[WhiteElo "1602"]
[BlackElo "1881"]
[PlyCount "90"]
[EventDate "2011.01.02"]

1. d4 d5 2. Bf4 Bg4 3. h3 Bh5 4. Nf3 Nc6 5. e3 e6 6. Be2 Bd6 7. Ne5 Bxe2 8.
Qxe2 Bxe5 9. dxe5 Nge7 10. Nd2 Ng6 11. Nf3 Qe7 12. c3 Nh4 13. Nxh4 Qxh4 14. Qb5
Rb8 15. Qe2 O-O 16. Qg4 Qxg4 17. hxg4 Ne7 18. Bg3 Rbc8 19. O-O-O f5 20. f4 fxg4
21. Bf2 g6 22. g3 Rfd8 23. Rd4 c5 24. Ra4 Nc6 25. e4 b6 26. exd5 Rxd5 27. Re4
Rf8 28. Rd1 Rxd1+ 29. Kxd1 Rd8+ 30. Kc2 h5 31. Re2 Kf7 32. Rd2 Rxd2+ 33. Kxd2
g5 34. Ke3 gxf4+ 35. gxf4 Ne7 36. Ke2 Nf5 37. Kf1 h4 38. Kg2 Kg6 39. Bg1 h3+
40. Kh2 Ng7 41. Bf2 Kf5 42. Bg3 Nh5 43. a4 Nxg3 44. Kxg3 h2 45. Kxh2 Kxf4 0-1

[Event "IV Festival Costa Viola B"]
[Site "Sant'Eufemia d'Aspromonte ITA"]
[Date "2011.01.03"]
[Round "3"]
[White "Carbone, Edoardo"]
[Black "Rizzuti, Pasquale"]
[Result "1-0"]
[WhiteElo "1647"]
[BlackElo "1840"]
[PlyCount "120"]
[EventDate "2011.01.02"]

1. d4 Nf6 2. c4 g6 3. Nf3 Bg7 4. g3 b6 5. Bg2 Bb7 6. O-O O-O 7. Nc3 d6 8. Qc2
Nbd7 9. b3 e5 10. d5 c5 11. Bb2 Re8 12. e4 Nf8 13. Nd2 Nh5 14. Ne2 f5 15. exf5
Bc8 16. fxg6 Nxg6 17. Nc3 a6 18. h3 Ra7 19. Kh2 Bh6 20. Nf3 Rf8 21. Qe2 Nf6 22.
Nd2 Rg7 23. Nde4 Bf5 24. Nxf6+ Qxf6 25. Ne4 Qe7 26. Qh5 Bf4 27. Qe2 Qd7 28. Rg1
Bxe4 29. Bxe4 Bg5 30. Raf1 Nf4 31. Qg4 Qf7 32. Qd1 Qd7 33. Qg4 Qxg4 34. hxg4
Ne2 35. Kg2 Nd4 36. Bxd4 exd4 37. Re1 Bd2 38. Re2 Bc3 39. Bf5 Rg5 40. Re6 Rfxf5
41. gxf5 Rxf5 42. f4 b5 43. Rxd6 d3 44. Rxa6 d2 45. Kf3 Rf8 46. cxb5 Re8 47.
Re6 Rd8 48. Ke4 c4 49. bxc4 Ra8 50. b6 Rxa2 51. b7 Rb2 52. Re8+ Kf7 53. b8=Q
d1=Q 54. Rxd1 Re2+ 55. Kd3 Be5 56. Rf8+ Kg6 57. Rg8+ Bg7 58. Kxe2 h5 59. Qc7 h4
60. Qxg7+ Kf5 1-0

[Event "IV Festival Costa Viola B"]
[Site "Sant'Eufemia d'Aspromonte ITA"]
[Date "2011.01.03"]
[Round "3"]
[White "Ziparo, Francesco"]
[Black "Greco, Simone"]
[Result "1/2-1/2"]
[WhiteElo "1548"]
[BlackElo "1605"]
[PlyCount "20"]
[EventDate "2011.01.02"]

1. c4 Nf6 2. Nc3 g6 3. Nf3 Bg7 4. d4 O-O 5. e4 d6 6. Be2 e5 7. d5 Nbd7 8. Be3
Ng4 9. Bg5 Ngf6 10. b4 h6 1/2-1/2

[Event "IV Festival Costa Viola B"]
[Site "Sant'Eufemia d'Aspromonte ITA"]
[Date "2011.01.03"]
[Round "3"]
[White "Paragliola, Gennaro"]
[Black "Daniac, Federico"]
[Result "1-0"]
[WhiteElo "1603"]
[BlackElo "1551"]
[PlyCount "115"]
[EventDate "2011.01.02"]

1. d4 d5 2. c4 c6 3. cxd5 cxd5 4. Nc3 Nf6 5. Nf3 e6 6. Bg5 Nbd7 7. e3 Be7 8.
Rc1 O-O 9. Bd3 a6 10. O-O b5 11. a3 Bb7 12. Ne2 Rc8 13. Rc3 Nb6 14. Qc2 g6 15.
Rc1 Nc4 16. Ne5 Nd7 17. Bh6 Ndxe5 18. Bxf8 Bxf8 19. dxe5 Qg5 20. f4 Qg4 21. h3
Qh4 22. Bxc4 dxc4 23. Kh2 Rd8 24. g3 Qe7 25. Rd1 Rxd1 26. Qxd1 Qc7 27. Nd4 Bc5
28. b4 Bxd4 29. Qxd4 Qc6 30. e4 Qxe4 31. Qxe4 Bxe4 32. Kg1 Kf8 33. Kf2 Ke7 34.
Ke3 Bd5 35. Kd4 Kd7 36. Kc5 Kc7 37. g4 h6 38. f5 g5 39. fxe6 Bxe6 40. Kd4 Kc6
41. Rf3 Kb6 42. Rf6 a5 43. Rxh6 axb4 44. axb4 Kc6 45. Rh5 Kd7 46. Rxg5 Ke7 47.
h4 f6 48. Rg7+ Bf7 49. h5 fxe5+ 50. Kc3 Kf6 51. h6 Bg6 52. Rb7 Kg5 53. h7 Bxh7
54. Rxh7 Kxg4 55. Rb7 Kf3 56. Rxb5 e4 57. Kxc4 e3 58. Re5 1-0

[Event "IV Festival Costa Viola B"]
[Site "Sant'Eufemia d'Aspromonte ITA"]
[Date "2011.01.03"]
[Round "3"]
[White "Pallonetto, Cristofaro"]
[Black "Arcidiaco, Francesco"]
[Result "0-1"]
[WhiteElo "1506"]
[BlackElo "1602"]
[PlyCount "58"]
[EventDate "2011.01.02"]

1. d4 Nf6 2. c4 g6 3. e3 Bg7 4. Nf3 d6 5. b4 O-O 6. Be2 h5 7. b5 c6 8. a4 Qc7
9. Nbd2 b6 10. Rb1 Bf5 11. Rb2 c5 12. Nh4 Bc8 13. d5 e6 14. dxe6 fxe6 15. Bf3
d5 16. g3 Bb7 17. O-O Ne4 18. Rb3 Nxd2 19. Qxd2 dxc4 20. Bxb7 Qxb7 21. Rb1 c3
22. Qd6 Qe4 23. Ra1 c2 24. Ra2 Qc4 25. Ra3 Bf6 26. Nf3 Rd8 27. Ne5 Qxf1+ 28.
Kxf1 Rxd6 29. Nd3 c4 0-1

[Event "IV Festival Costa Viola B"]
[Site "Sant'Eufemia d'Aspromonte ITA"]
[Date "2011.01.03"]
[Round "3"]
[White "Chite', Carmelo"]
[Black "Martino, Giovanni"]
[Result "0-1"]
[WhiteElo "1467"]
[BlackElo "1584"]
[PlyCount "62"]
[EventDate "2011.01.02"]

1. d4 Nf6 2. Nc3 g6 3. e4 d6 4. Bd3 Bg7 5. Bg5 Nbd7 6. Nf3 c5 7. Qd2 h6 8. Bh4
cxd4 9. Nxd4 a6 10. Nf3 Qc7 11. O-O b5 12. a3 Bb7 13. Rfe1 O-O 14. Bg3 Rac8 15.
Bf4 Kh7 16. h4 Nh5 17. Be3 Ndf6 18. Nh2 Qd7 19. Rad1 Ng4 20. Nxg4 Qxg4 21. g3
Nxg3 22. fxg3 Qxg3+ 23. Qg2 Qxh4 24. Bf2 Qf4 25. Bg3 Bd4+ 26. Kh2 Qg5 27. Qh3
Be5 28. Bxe5 Qxe5+ 29. Kg1 h5 30. Rd2 d5 31. exd5 Qxe1+ 0-1

[Event "IV Festival Costa Viola B"]
[Site "Sant'Eufemia d'Aspromonte ITA"]
[Date "2011.01.03"]
[Round "3"]
[White "Quattrone, Andrea"]
[Black "Fiorentino, Vincenzo"]
[Result "0-1"]
[WhiteElo "1557"]
[BlackElo "1563"]
[PlyCount "46"]
[EventDate "2011.01.02"]

1. e4 e6 2. d3 d5 3. Nd2 Nf6 4. Be2 c5 5. Ngf3 Nc6 6. O-O Be7 7. c3 Qb6 8. Re1
O-O 9. exd5 exd5 10. Nb3 Rd8 11. Be3 d4 12. cxd4 cxd4 13. Nfxd4 Nxd4 14. Nxd4
Rxd4 15. Bxd4 Qxd4 16. Bf3 Be6 17. Rc1 Rb8 18. Re2 Bc5 19. Rec2 Bb6 20. Qd2 h6
21. b3 Rd8 22. Bxb7 Qxd3 23. Qf4 Qd1+ 0-1

[Event "IV Festival Costa Viola B"]
[Site "Sant'Eufemia d'Aspromonte ITA"]
[Date "2011.01.03"]
[Round "3"]
[White "Vazzana, Antonio"]
[Black "Battaglia, Domenica"]
[Result "1-0"]
[WhiteElo "1497"]
[BlackElo "1509"]
[PlyCount "55"]
[EventDate "2011.01.02"]

1. c4 e6 2. d4 Nf6 3. Nc3 d5 4. e3 Nc6 5. Nf3 b6 6. cxd5 Nxd5 7. Bb5 Bd7 8. Qa4
Nb8 9. Ne5 a6 10. Nxd7 Nxd7 11. Bc6 Nxc3 12. bxc3 Ra7 13. O-O Bd6 14. e4 f6 15.
f4 Rf8 16. e5 fxe5 17. dxe5 Bc5+ 18. Kh1 b5 19. Qc2 g6 20. Rd1 Rf7 21. Rd3 Qc8
22. Qd2 g5 23. f5 Rxf5 24. Bb2 Rf7 25. Rxd7 Rxd7 26. Rd1 Bd6 27. exd6 Kd8 28.
Qxg5+ 1-0

[Event "IV Festival Costa Viola B"]
[Site "Sant'Eufemia d'Aspromonte ITA"]
[Date "2011.01.03"]
[Round "3"]
[White "Zarzaca, Antonio"]
[Black "Luppino, Domenico"]
[Result "1-0"]
[WhiteElo "1502"]
[BlackElo "1512"]
[PlyCount "79"]
[EventDate "2011.01.02"]

1. f4 d5 2. e3 Bf5 3. b3 e6 4. Bb2 Nf6 5. Nf3 Nc6 6. Bb5 Qd7 7. Ne5 Qd6 8. O-O
Nd7 9. Ba3 Nc5 10. d4 Rb8 11. Bxc5 Qd8 12. Bxc6+ bxc6 13. Nxc6 Qc8 14. Nxb8
Bxc5 15. dxc5 Qxb8 16. Qd4 f6 17. Qa4+ Ke7 18. c3 Qb7 19. Nd2 h6 20. Nf3 Be4
21. Qa3 Kf7 22. Nd4 g5 23. f5 e5 24. Ne2 d4 25. cxd4 Bxg2 26. Rf2 Bh3 27. Ng3
h5 28. Rc1 Qc6 29. e4 h4 30. d5 Qa8 31. Nf1 g4 32. Rc3 Rg8 33. Qa4 Ke7 34. d6+
cxd6 35. cxd6+ Kxd6 36. Rd2+ Ke7 37. Qd7+ Kf8 38. Rc8+ Qxc8 39. Qxc8+ Kg7 40.
Rd7+ 1-0

[Event "IV Festival Costa Viola B"]
[Site "Sant'Eufemia d'Aspromonte ITA"]
[Date "2011.01.03"]
[Round "3"]
[White "Vacchiano, Salvatore"]
[Black "Minucci, Veronica"]
[Result "0-1"]
[WhiteElo "1566"]
[BlackElo "1377"]
[PlyCount "50"]
[EventDate "2011.01.02"]

1. e4 e5 2. f4 d6 3. Nf3 Nc6 4. c3 g6 5. Bc4 exf4 6. d4 Bg7 7. Bxf4 Bg4 8. O-O
Nf6 9. Qd3 O-O 10. b4 Re8 11. Ng5 d5 12. exd5 Nxd5 13. Nxf7 Qd7 14. Ng5 b5 15.
Bb3 Kh8 16. Bxd5 Qxd5 17. Bxc7 Qxg5 18. Na3 Be2 19. Qc2 Bxf1 20. Rxf1 Rac8 21.
Bf4 Qh5 22. Qb3 Bh6 23. Bxh6 Qxh6 24. Nxb5 Qe3+ 25. Kh1 Qe2 0-1

[Event "IV Festival Costa Viola B"]
[Site "Sant'Eufemia d'Aspromonte ITA"]
[Date "2011.01.03"]
[Round "3"]
[White "Attina', Rodolfo"]
[Black "Palermiti, Francesco"]
[Result "0-1"]
[WhiteElo "1386"]
[BlackElo "1531"]
[PlyCount "102"]
[EventDate "2011.01.02"]

1. d4 d5 2. Nf3 Nf6 3. Bf4 e6 4. g3 Bb4+ 5. c3 Bd6 6. Bg5 h6 7. Be3 O-O 8. Bg2
Nbd7 9. O-O c5 10. b3 cxd4 11. cxd4 b6 12. Qd2 Ne4 13. Qc1 Ba6 14. Re1 Rc8 15.
Qb2 Bb4 16. Nfd2 Nxd2 17. Bxd2 Be7 18. a3 Rc6 19. Nc3 Nf6 20. b4 Bc4 21. Rac1
b5 22. Bf4 a5 23. e4 dxe4 24. Nxe4 Nxe4 25. Bxe4 Rc8 26. Be3 axb4 27. axb4 Qd6
28. Bd2 Bf6 29. Bc3 Bd5 30. Qc2 Bxd4 31. Qb2 Bxc3 32. Rxc3 Rxc3 33. Qxc3 Bxe4
34. Rxe4 Qd1+ 35. Re1 Qd5 36. Re5 Qb7 37. h4 Rc8 38. Rc5 Rxc5 39. Qxc5 Qd5 40.
Kh2 f6 41. Kg1 Kf7 42. Kf1 Qd1+ 43. Kg2 Qd5+ 44. Kf1 Qxc5 45. bxc5 Ke7 46. Ke2
Kd7 47. Kd3 Kc6 48. Kc3 Kxc5 49. Kb3 e5 50. f3 g5 51. g4 gxh4 0-1

[Event "IV Festival Costa Viola B"]
[Site "Sant'Eufemia d'Aspromonte ITA"]
[Date "2011.01.03"]
[Round "3"]
[White "Laurendi, Angela"]
[Black "Fariselli, Umberto"]
[Result "0-1"]
[WhiteElo "1344"]
[BlackElo "1410"]
[PlyCount "106"]
[EventDate "2011.01.02"]

1. e4 d6 2. Nf3 Nc6 3. Bb5 Bd7 4. O-O Nf6 5. d3 a6 6. Bc4 h6 7. Be3 Bg4 8. h3
Bh5 9. d4 Nxe4 10. Nc3 Nxc3 11. bxc3 e6 12. Be2 Be7 13. Rb1 b5 14. c4 bxc4 15.
Bxc4 d5 16. Bb3 O-O 17. c3 Bg6 18. Bc2 Bxc2 19. Qxc2 Na5 20. Ne5 Bd6 21. Qa4
Bxe5 22. dxe5 Nc4 23. Bf4 g5 24. Bc1 Nxe5 25. Qd4 Qd6 26. Re1 Ng6 27. Rb3 c5
28. Qd3 c4 29. Ba3 Qc6 30. Qe3 cxb3 31. Bxf8 Rxf8 32. axb3 Rc8 33. Rc1 Nh4 34.
g4 d4 35. Qg3 dxc3 36. Kf1 Qb5+ 37. Ke1 Qxb3 38. Qd3 Ng2+ 39. Ke2 Nf4+ 40. Ke3
Nxd3 41. Kxd3 c2+ 42. Kd2 Rd8+ 43. Ke2 Qd3+ 44. Ke1 Qxh3 45. Rxc2 Qh1+ 46. Ke2
Qe4+ 47. Kf1 Qxc2 48. Kg2 Rd4 49. Kg3 Rf4 50. f3 Qd3 51. Kg2 Qxf3+ 52. Kg1
Rxg4+ 53. Kh2 Qg2# 0-1

[Event "IV Festival Costa Viola B"]
[Site "Sant'Eufemia d'Aspromonte ITA"]
[Date "2011.01.04"]
[Round "4"]
[White "Violi, Vincenzo"]
[Black "Della Rocca, Giorgio"]
[Result "1/2-1/2"]
[WhiteElo "1798"]
[BlackElo "1881"]
[PlyCount "43"]
[EventDate "2011.01.02"]

1. e4 d6 2. d4 g6 3. Nc3 Bg7 4. Bg5 c5 5. dxc5 Qa5 6. Qd2 Qxc5 7. Nge2 Nf6 8.
f3 O-O 9. O-O-O Nc6 10. Bh6 Bd7 11. h4 Ne5 12. Ng3 b5 13. Bxg7 Kxg7 14. h5 Rfc8
15. hxg6 fxg6 16. Qh6+ Kg8 17. Rd2 Nf7 18. Qh4 Be6 19. Nd5 Bxd5 20. exd5 Qe3
21. Ne4 Nxe4 22. Qxe4 1/2-1/2

[Event "IV Festival Costa Viola B"]
[Site "Sant'Eufemia d'Aspromonte ITA"]
[Date "2011.01.04"]
[Round "4"]
[White "Tricomi, Massimo"]
[Black "Serratore, Vincenzo"]
[Result "1-0"]
[WhiteElo "1881"]
[BlackElo "1874"]
[PlyCount "99"]
[EventDate "2011.01.02"]

1. c4 c5 2. g3 e6 3. Bg2 Be7 4. Nc3 Nc6 5. e3 Nf6 6. Nge2 d5 7. cxd5 Nxd5 8.
Nxd5 exd5 9. d4 c4 10. Nf4 Be6 11. Nxe6 fxe6 12. Qg4 Qd6 13. a3 O-O 14. O-O Bf6
15. e4 Bxd4 16. exd5 exd5 17. Bf4 Ne5 18. Rad1 Nxg4 19. Bxd6 Bxf2+ 20. Kh1 Ne3
21. Bxf8 Rxf8 22. Bxd5+ Kh8 23. Rxf2 Rxf2 24. Re1 Rf1+ 25. Rxf1 Nxf1 26. Bxb7
Ne3 27. Bf3 Nf5 28. Kg1 g6 29. Kf2 Kg7 30. Bd5 Nd6 31. Ke3 g5 32. g4 Kf6 33.
Kd4 h6 34. Bg8 Kg7 35. Bxc4 Kf6 36. b4 Nxc4 37. Kxc4 Ke5 38. b5 Kf4 39. a4 Kxg4
40. a5 Kh3 41. b6 axb6 42. axb6 Kxh2 43. b7 g4 44. b8=Q+ g3 45. Qf4 Kg2 46.
Qxh6 Kf2 47. Qf4+ Kg2 48. Kd3 Kh1 49. Qh4+ Kg2 50. Ke2 1-0

[Event "IV Festival Costa Viola B"]
[Site "Sant'Eufemia d'Aspromonte ITA"]
[Date "2011.01.04"]
[Round "4"]
[White "Carlomagno, Vincenzo"]
[Black "Carbone, Edoardo"]
[Result "1-0"]
[WhiteElo "1870"]
[BlackElo "1647"]
[PlyCount "45"]
[EventDate "2011.01.02"]

1. e4 d5 2. exd5 Qxd5 3. Nc3 Qa5 4. d4 Nf6 5. Nf3 Bg4 6. h3 Bh5 7. g4 Bg6 8.
Ne5 Nbd7 9. Nc4 Qa6 10. d5 b5 11. Nxb5 Qb7 12. Nc3 a5 13. Bg2 Nb6 14. Nxb6 cxb6
15. O-O O-O-O 16. g5 Ne8 17. Qg4+ Kb8 18. d6 Qa6 19. dxe7 Bxe7 20. Bf4+ Nd6 21.
Nd5 Rhe8 22. Rfe1 Qa7 23. Qg3 1-0

[Event "IV Festival Costa Viola B"]
[Site "Sant'Eufemia d'Aspromonte ITA"]
[Date "2011.01.04"]
[Round "4"]
[White "Arcidiaco, Francesco"]
[Black "Furnari, Francesco"]
[Result "0-1"]
[WhiteElo "1602"]
[BlackElo "1856"]
[PlyCount "60"]
[EventDate "2011.01.02"]

1. e4 e5 2. Nf3 Nc6 3. Bb5 a6 4. Bxc6 dxc6 5. O-O Bg4 6. h3 h5 7. d3 Qf6 8.
Nbd2 Bc5 9. a3 Ne7 10. Rb1 O-O-O 11. b4 Ba7 12. Bb2 Ng6 13. Qe1 Kb8 14. Kh1 Be6
15. Qe2 Qf4 16. c4 Qf6 17. c5 Nf4 18. Qe3 Nxd3 19. Ba1 Ba2 20. Rbd1 Qe6 21. Nb1
Bc4 22. Nbd2 Bb5 23. Rg1 f6 24. Nb1 Qa2 25. Nbd2 Qxa3 26. Ne1 Qxb4 27. Nxd3
Rxd3 28. Qe1 Bxc5 29. g4 Rxh3+ 30. Kg2 hxg4 0-1

[Event "IV Festival Costa Viola B"]
[Site "Sant'Eufemia d'Aspromonte ITA"]
[Date "2011.01.04"]
[Round "4"]
[White "Rametta, Marcello"]
[Black "Vazzana, Antonio"]
[Result "1-0"]
[WhiteElo "1741"]
[BlackElo "1497"]
[PlyCount "86"]
[EventDate "2011.01.02"]

1. e4 c5 2. c3 Nf6 3. Bd3 d6 4. h3 e6 5. Nf3 Be7 6. Bc2 Qa5 7. O-O c4 8. Re1
O-O 9. d4 cxd3 10. Qxd3 b6 11. e5 Ba6 12. Qd2 dxe5 13. Rxe5 b5 14. Nd4 Rd8 15.
Qe3 Qb6 16. b4 Nbd7 17. Rg5 h6 18. Rxg7+ Kxg7 19. Qg3+ Kf8 20. Bxh6+ Ke8 21.
Qg7 Bf8 22. Qh8 Ke7 23. Bg5 Bb7 24. Nd2 Qc7 25. Re1 e5 26. Nxb5 Qc6 27. Ne4
Qxb5 28. Nxf6 Kd6 29. Ne4+ Bxe4 30. Bxe4 Be7 31. Qh6+ f6 32. Bxa8 Rxa8 33. Be3
a5 34. Rd1+ Kc7 35. Qh7 Re8 36. a3 axb4 37. axb4 Qa4 38. Qd3 Qc6 39. Rc1 Nc5
40. Bxc5 Qb7 41. Bxe7 Kb8 42. Bxf6 Rg8 43. Bxe5+ Ka8 1-0